000 01140nam a2200265 i 4500
001 bg
245 0 0 _aWłaściwości wytrzymałościowe i odkształceniowe skał.
_nCz.2,
_pSkały magmowe, osadowe i metamorficzne regionu Sudetów :
_bobjaśnienia i interpretacja.
_nT. 4 /
_coprac. i red. nauk. Joanna Pinińska ; Zakład Geomechaniki Instytutu Hydrogeologii i Geologii Inżynierskiej Wydziału Geologii Uniwersytetu Warszawskiego.
260 _aWarszawa :
_b[UW],
_c1997.
300 _a295, [5] k.tabl. :
_bfot. kolor., wykr. ;
_c24 cm.
504 _aBibliogr.
650 9 _aSkały
_xfizyka
_xbadanie
_xmetody
650 9 _aSkały magmowe
_xgeologia
_zPolska
651 9 _aSudety
_xgeologia
700 1 _aPINIŃSKA, Joanna.
_eOprac.
710 _aUniwersytet Warszawski
_bWydział Geologii
_bInstytut Hydrogeologii i Geologii Inżynierskiej
_bZakład Geomechaniki
020 _a8390353350 (t.4)
020 _a8390353318 (całość)
040 _cBPK
041 0 _apl
080 _a550.8:552.3](438)
920 _a83-903533-5-0 (t.4)
920 _a83-903533-1-8 (całość)
942 _cKA
008 s pl f |000 0 pol
999 _c35047
_d35047
856 _uhttp://koha.tu.koszalin.pl/cgi-bin/koha/opac-detail.pl?biblionumber=35047
_yKatalog online BPK